Statistiques concernant Pokémon de type Poison - Gen 1 à 9

Cliquez ici pour prendre le quiz!

Statistiques générales

  • Ce quiz a été pris 1 576 fois
    (137 depuis la dernière actualisation)
  • Le résultat moyen est 69 sur 89

Statistiques - réponses

Pokémon% Correct
Grotadmorv / Grotadmorv d'Alola
97%
Tadmorv / Tadmorv d'Alola
97%
Smogo
96%
Smogogo / Smogogo de Galar
96%
Abo
92%
Arbok
92%
Bulbizarre
89%
Cradopaud
89%
Ectoplasma / Méga-Ectoplasma
89%
Florizarre / Méga-Florizarre
89%
Ortide
89%
Rafflesia
89%
Coatox
88%
Fantominus
88%
Herbizarre
88%
Spectrum
88%
Tentacool
88%
Tentacruel
88%
Boustiflor
87%
Mystherbe
87%
Nosferalto
87%
Nosferapti
87%
Nostenfer
87%
Empiflor
86%
Chétiflor
84%
Venipatte
84%
Dardargnan / Méga-Dardargnan
83%
Nidoking
83%
Nidoqueen
83%
Nidoran♀
83%
Nidoran♂
83%
Nidorina
83%
Nidorino
83%
Arceus (Plaque Toxik)
82%
Brutapode
82%
Miasmax
82%
Migalos
82%
Mimigal
82%
Qwilfish / Qwilfish de Hisui
82%
Scobolide
82%
Aspicot
80%
Coconfort
80%
Miamiasme
80%
Gloupti
79%
Kravarech
79%
Mimitoss
79%
Aéromite
78%
Avaltout
78%
Malamandre
78%
Silvallié (ROM Poison)
78%
Moufflair
76%
Moufouette
76%
Papinox
75%
Salarsen
75%
Tritox
75%
Mandrillon
74%
Rosélia
74%
Roserade
74%
Vémini
74%
Venalgue
74%
Vorastérie
74%
Zéroïd
74%
Prédastérie
72%
Rozbouton
72%
Drascore
71%
Rapion
71%
Toxizap
71%
Éthernatos
70%
Trompignon
70%
Gaulet
68%
Qwilpik
67%
Séviper
67%
Vrombotor
67%
Terraiste
64%
Vrombi
64%
Axoloto de Paldea
63%
Flagadoss de Galar
62%
Tag-Tag
62%
Gribouraigne
61%
Roigada de Galar
61%
Farfuret de Hisui
59%
Farfurex
59%
Félicanis
58%
Fortusimia
57%
Favianos
55%
Pêchaminus
55%
Floréclat
50%
Germéclat
50%
Mite-de-Fer
50%

Distribution des résultats

Percentile par nombre de réponses

% des personnes avec chaque résultat

Votre développement - résultats

Vous n’avez pas pris ce quiz depuis la dernière actualisation